Les graphiques: moyen de direction des entreprises
Uloženo v:
| Hlavní autoři: | , |
|---|---|
| Médium: | Kniha |
| Jazyk: | francouzština |
| Vydáno: |
París
Entreprise Moderne
1970
|
| Vydání: | 12a. ed |
| Témata: | |
| Tagy: |
Přidat tag
Žádné tagy, Buďte první, kdo vytvoří štítek k tomuto záznamu!
|
MARC
| LEADER | 00000nam a2200000 a 4500 | ||
|---|---|---|---|
| 001 | UCR9236 | ||
| 003 | CL-VaPUC | ||
| 008 | 980613e19700000FR |||||||||||||||||fre|d | ||
| 082 | 0 | 4 | |a 658.403 |b SAT |2 21 |
| 100 | 0 | |a Satet, Robert |e author |9 411531 | |
| 700 | 0 | |a Voraz, Charles |e author |9 411532 | |
| 245 | 1 | 4 | |a Les graphiques: moyen de direction des entreprises |
| 250 | |a 12a. ed | ||
| 300 | |a 311 p | ||
| 942 | |c BK | ||
| 945 | |d 19980613 00:00:00 |a cmena | ||
| 260 | |a París |b Entreprise Moderne |c 1970 | ||
| 650 | 0 | |a Gráficos |9 351109 | |
| 650 | 7 | |a METODOS GRAFICOS |2 CL-VaPUC |9 270310 | |
| 650 | 0 | |a Medios de comunicación |9 257206 | |
| 650 | 0 | |a Administración de empresas |9 260833 | |
| 650 | 0 | |a Control |9 330602 | |
| 650 | 0 | |a Material visual |9 327831 | |
| 583 | |a last modification |c 19980613 00:00:00 |k Rodrigo Vera | ||
| 999 | |c 270438 |d 270436 | ||
| 952 | |0 0 |1 0 |4 0 |6 658_403000000000000_SAT_1970 |7 0 |8 A |9 304731 |a BIBGIM |b BIBGIM |d 2019-11-20 |i 1415050 |o 658.403 SAT 1970 |p 1415050 |r 2025-01-15 |w 2019-11-20 |y BK |k COM | ||
| 952 | |0 0 |1 0 |4 0 |6 658_403000000000000_SAT_1970 |7 0 |8 A |9 304732 |a BIBGIM |b BIBGIM |d 2019-11-20 |i 1415069 |o 658.403 SAT 1970 |p 1415069 |r 2025-01-15 |w 2019-11-20 |y BK |k COM | ||